000 00905cam a2200205 i 4500
020 _a0070072434
022 _a0070072434
082 0 0 _a627
_bBRA
_cL-26, P-23
100 1 _aBrater, Ernest F.
_940689
245 1 0 _aHandbook of hydraulics for the solution of hydraulic engineering problems.
250 _a7th ed. /
260 _aNew York :
_bMcGraw-Hill,
_cc1996.
300 _a[591] p. in various pagings :
_bill. ;
_c20 cm.
500 _aFirst-4th ed. (1918-54) by H. W. King (4th ed. rev. by E. F. Brater), published under title: Handbook of hydraulics for the solution of hydraulic problems; 5th ed. (1963) by H. W. King and E. F. Brater, published under title: Handbook of hydraulics for the solution of hydrostatic and fluid-flow problems.
526 _a0
_b0
_c0
_d627_000000000000000_BRA
650 0 _aHydraulics.
650 0 _aMCE
_9379
700 1 _aKing, Horace Williams,
942 _2ddc
_cBK
999 _c547997
_d547997